| 000 | 00359nam a2200145 a 4500 | ||
|---|---|---|---|
| 001 | 3099 | ||
| 005 | 20140414131931.0 | ||
| 008 | 060201s19uu xx 00 eng d | ||
| 020 | _a0-75370-444-7 | ||
| 050 |
_aREF 031.02 _bT22 2008 |
||
| 245 | _aTell me when?. | ||
| 260 |
_aLondon : _bChancellor Press, _c2002. |
||
| 650 |
_aWorld facts. _x |
||
| 999 |
_c112222 _d112222 |
||